Première apparition des personnages de Super Smash Bros-Clic Quiz - Statistiques

Statistiques générales
  • Ce quiz a été pris 54 fois
    31 depuis la dernière actualisation
  • Le résultat moyen est 28 sur 90
Statistiques - réponses
Hint Extra Hint Réponse % Correct
Donkey Kong 1981 Donkey Kong
90%
Mario 1981 Donkey Kong
70%
Link 1986 The Legend of Zelda
70%
Samus 1986 Metroid
60%
Ness 1994 Earthbound/ Mother 2
45%
Captain Falcon 1990 F-Zero
45%
Samus sombre 2002 Metroid Prime
45%
Pikachu 1996 Pokémon Rouge et Vert
45%
Villageois 2001 Animal Crossing
40%
Dr. Mario 1990 Dr. Mario
40%
Ice Climbers 1984 Ice Climber
40%
Olimar 2001 Pikmin
40%
Lucario 2005 Pokémon : Lucario et le mystère de Mew
40%
Pichu 1999 Pokémon Or et Argent
40%
Rondoudou 1996 Pokémon Rouge et Vert
40%
Mewtwo 1996 Pokémon Rouge et Vert
40%
Dracaufeu 1996 Pokémon Rouge et Vert
40%
Carapuce 1996 Pokémon Rouge et Vert
40%
Herbizarre 1996 Pokémon Rouge et Vert
40%
Fox
1993 Star Fox/ Starwing
40%
Harmonie et Luma 2007 Super Mario Galaxy
40%
Yoshi 1990 Super Mario World
40%
Ike 2005 Fire Emblem : Path of Radiance
35%
Pit 1986 Kid Icarus
35%
Pit maléfique 2012 Kid Icarus : Uprising
35%
Meta Knight 1993 Kirby's Adventure
35%
Roi DaDiDou 1992 Kirby's Dream Land
35%
Luigi 1983 Mario Bros.
35%
Mega Man 1987 Mega Man
35%
Snake 1987 Metal Gear
35%
Dresseur Pokémon 1996 Pokémon Rouge et Vert
35%
Amphinobi 2013 Pokémon X et Y
35%
R.O.B. 1985 Réalité
35%
Peach 1985 Super Mario Bros.
35%
Daisy 1989 Super Mario Land
35%
Wario 1992 Super Mario Land 2 : 6 Golden Coins
35%
Zelda 1986 The Legend of Zelda
35%
Sheik 1998 The Legend of Zelda : Ocarina of Time
35%
Link cartoon 2003 The Legend of Zelda : The Wind Waker
35%
Entraîneuse Wii Fit 2007 Wii Fit
35%
Bayonetta 2009 Bayonetta
30%
Simon 1986 Castlevania
30%
Richter 1993 Castlevania : Rondo of Blood
30%
Duo Duck Hunt 1984 Duck Hunt
30%
Cloud 1997 Final Fantasy VII
30%
Lucina 2012 Fire Emblem : Awakening
30%
Daraen 2012 Fire Emblem : Awakening
30%
Kirby 1992 Kirby's Dream Land
30%
Lucas 2006 Mother 3
30%
Pac-Man 1980 Pac-Man
30%
Félinferno 2016 Pokémon Soleil et Lune
30%
Little Mac 1984 Punch-Out !!
30%
Inkling 2015 Splatoon
30%
Ryu 1987 Street Fighter
30%
Ken 1987 Street Fighter
30%
Bowser 1985 Super Mario Bros.
30%
Link enfant 1998 The Legend of Zelda : Ocarina of Time
30%
Marie 2012 Animal Crossing : New Leaf
25%
Chrom 2012 Fire Emblem : Awakening
25%
Ridley 1986 Metroid
25%
Samus sans armure 2004 Metroid : Zero Mission
25%
Wolf 1997 Star Fox 64
25%
Falco 1993 Star Fox/ Starwing
25%
Bowser J.R. 2002 Super Mario Sunshine
25%
Boxeur Mii 2014 Super Smash Bros. for Nintendo 3DS/Wii U
25%
Épéiste Mii 2014 Super Smash Bros. for Nintendo 3DS/Wii U
25%
Tireur Mii 2014 Super Smash Bros. for Nintendo 3DS/Wii U
25%
Kazuya 1994 Tekken
25%
Min-Min 2017 ARMS
20%
Diddy Kong 1994 Donkey Kong Country
20%
King K.Rool 1994 Donkey Kong Country
20%
Héros 2017 Dragon Quest XI
20%
Byleth 2019 Fire Emblem: Three Houses
20%
Palutena 1986 Kid Icarus
20%
Steve 2009 Minecraft
20%
Joker 2016 Persona 5
20%
Plante Piranha 1985 Super Mario Bros.
20%
Ganondorf 1998 The Legend of Zelda : Ocarina of Time
20%
Shulk 2010 Xenoblade Chronicles
20%
Mr. Game & Watch 1980 Ball
15%
Terry 1991 Fatal Fury : King of Fighters
15%
Sephiroth 1997 Final Fantasy VII
15%
Marth 1990 Fire Emblem : Shadow Dragon and the Blade of light
15%
Sonic 1990 Rad Mobile
15%
Pyra 2017 Xenoblade Chronicles 2
15%
Mythra 2017 Xenoblade Chronicles 2
15%
Banjo-Kazooie 1997 Diddy Kong Racing
10%
Sora 2002 Kingdom Hearts
10%
Corrin 2014 Super Smash Bros. for Nintendo 3DS/Wii U
0%
Roy 2001 Super Smash Bros. Melee
0%
Aucun quiz correspondant
Distribution des résultats
% des personnes avec chaque résultat
Percentile par nombre de réponses
Votre historique - résultats
Vous n’avez pas pris ce quiz depuis la dernière actualisation